[Event "SVK-chT1E 2122"]
[Site "Slovakia"]
[Date "2022.04.23"]
[Round "8.5"]
[White "Solcan, Martin"]
[Black "Tropp, Oliver"]
[Result "0-1"]
[WhiteElo "2086"]
[BlackElo "2112"]
[PlyCount "76"]
[EventDate "2022.01.29"]
[EventType "team-tourn"]
[EventRounds "11"]
[EventCountry "SVK"]
[SourceTitle "EXT 2023"]
[Source "ChessBase"]
[SourceDate "2022.10.05"]
[SourceVersion "1"]
[SourceVersionDate "2022.10.05"]
[SourceQuality "1"]
[WhiteTeam "Zvolen Slavia"]
[BlackTeam "Liptov Chess School II"]
[WhiteTeamCountry "SVK"]
[BlackTeamCountry "SVK"]

1. g3 d5 2. Bg2 Nf6 3. Nf3 e6 4. 0-0 Be7 5. d3 0-0 6. c4 c5 7. Nc3 Nc6 8. Bd2 d4 9. Nb5 a6 10. Na3 e5 11. Rb1 h6 12. Nc2 a5 13. b3 Bf5 14. a3 e4 15. Nfe1 Qd7 16. b4 b6 17. dxe4 Nxe4 18. Nd3 Qe6 19. Rc1 g5 20. f3 Nxd2 21. Qxd2 Qxc4 22. bxc5 bxc5 23. Ncb4 Qe6 24. Nxc6 Qxc6 25. f4 Be4 26. Bxe4 Qxe4 27. Nxc5 Qd5 28. e4 Qd6 29. a4 Rac8 30. Nb3 Qa3 31. Nxd4 Bb4 32. Qd1 Qe3+ 33. Kh1 Rxc1 34. Qxc1 Qxd4 35. Qc6 Qd6 36. Qb5 Qe6 37. fxg5 Qxe4+ 38. Kg1 Rc8 0-1

[Event "SVK-chT1E 2122"]
[Site "Slovakia"]
[Date "2022.02.26"]
[Round "4.4"]
[White "Endresz, Pavol"]
[Black "Tropp, Oliver"]
[Result "0-1"]
[WhiteElo "2118"]
[BlackElo "2112"]
[PlyCount "94"]
[EventDate "2022.01.29"]
[EventType "team-tourn"]
[EventRounds "11"]
[EventCountry "SVK"]
[SourceTitle "EXT 2023"]
[Source "ChessBase"]
[SourceDate "2022.10.05"]
[SourceVersion "1"]
[SourceVersionDate "2022.10.05"]
[SourceQuality "1"]
[WhiteTeam "Presov Tatran Dason"]
[BlackTeam "Liptov Chess School II"]
[WhiteTeamCountry "SVK"]
[BlackTeamCountry "SVK"]

1. Nf3 d5 2. d4 e6 3. Bf4 Nf6 4. e3 c5 5. c3 Nc6 6. Nbd2 Nh5 7. Bg5 Be7 8. Bxe7 Qxe7 9. Bd3 Bd7 10. Ne5 Nxe5 11. dxe5 g6 12. 0-0 Bc6 13. Qe2 Qc7 14. f4 Ng7 15. b4 b6 16. e4 c4 17. Bc2 a5 18. exd5 exd5 19. f5 axb4 20. e6 0-0-0 21. e7 Rd6 22. cxb4 gxf5 23. Bxf5+ Nxf5 24. Rxf5 Re6 25. Qg4 Qxe7 26. Raf1 Rf8 27. Nf3 Rg6 28. Qf4 Qxb4 29. Ne5 Qc5+ 30. Kh1 Re6 31. Nxf7 Rfe8 32. Rf6 Rxf6 33. Qxf6 Kb8 34. Nd6 Re2 35. Qd8+ Ka7 36. Rb1 Bb7 37. h3 d4 38. Nb5+ Ka6 39. Nc7+ Ka5 40. Rb5+ Qxb5 41. Nxb5 Kxb5 42. a4+ Ka6 43. a5 Kxa5 44. Qxd4 Rxg2 45. Qc3+ Kb5 46. Qe5+ Ka6 47. Qa1+ Ra2+ 0-1

[Event "SVK-chT1E 2122"]
[Site "Slovakia"]
[Date "2022.01.29"]
[Round "1.4"]
[White "Ondo, Radoslav"]
[Black "Tropp, Oliver"]
[Result "1/2-1/2"]
[WhiteElo "2031"]
[BlackElo "2112"]
[PlyCount "88"]
[EventDate "2022.01.29"]
[EventType "team-tourn"]
[EventRounds "11"]
[EventCountry "SVK"]
[SourceTitle "EXT 2023"]
[Source "ChessBase"]
[SourceDate "2022.10.05"]
[SourceVersion "1"]
[SourceVersionDate "2022.10.05"]
[SourceQuality "1"]
[WhiteTeam "Michalovce Zemplin"]
[BlackTeam "Liptov Chess School II"]
[WhiteTeamCountry "SVK"]
[BlackTeamCountry "SVK"]

1. e4 e6 2. f4 d5 3. e5 c5 4. Nf3 Nc6 5. g3 Nh6 6. d3 Nf5 7. c3 a6 8. Bg2 h5 9. Bh3 g6 10. Na3 b6 11. Nc2 Bb7 12. 0-0 Be7 13. Qe2 Qc7 14. Bd2 b5 15. Rfc1 a5 16. Bf1 Ba6 17. Ne3 c4 18. d4 b4 19. Qd1 Nxe3 20. Bxe3 0-0 21. Ng5 Rfb8 22. Bh3 Bxg5 23. fxg5 bxc3 24. bxc3 Rb2 25. Rc2 Rab8 26. Rac1 Qb7 27. g4 hxg4 28. Bxg4 Ne7 29. h4 Rxc2 30. Rxc2 Qb1 31. Bc1 Kg7 32. h5 gxh5 33. Bxh5 Nf5 34. g6 fxg6 35. Rg2 Ne7 36. Qd2 Kf7 37. Rf2+ Ke8 38. Bg4 Nf5 39. Qg5 Kd7 40. Rf1 Qe4 41. Qxg6 Rf8 42. Bxf5 Rxf5 43. Rxf5 Qxf5 44. Qxf5 exf5 1/2-1/2

[Event "SVK-ch rapid"]
[Site "Topolcany"]
[Date "2020.07.11"]
[Round "8"]
[White "Petran, Peter"]
[Black "Tropp, Oliver"]
[Result "1/2-1/2"]
[WhiteElo "2241"]
[BlackElo "2123"]
[PlyCount "93"]
[EventDate "2020.07.11"]
[EventType "swiss (rapid)"]
[EventRounds "9"]
[EventCountry "SVK"]
[SourceTitle "CBM 197 Extra"]
[Source "ChessBase"]
[SourceDate "2020.09.30"]
[SourceVersion "1"]
[SourceVersionDate "2020.09.30"]
[SourceQuality "1"]

1. g3 e6 2. Bg2 d5 3. Nf3 Nf6 4. 0-0 Be7 5. d3 0-0 6. Nbd2 b6 7. b3 Bb7 8. Bb2 c5 9. e3 Nc6 10. a3 Qc7 11. c4 Rfd8 12. Qc2 Rac8 13. Rfe1 d4 14. exd4 cxd4 15. b4 a6 16. Nb3 e5 17. Qd2 Nd7 18. Rac1 Qb8 19. b5 axb5 20. cxb5 Na7 21. Rxc8 Nxc8 22. a4 Qa8 23. Qd1 Bb4 24. Rf1 Qxa4 25. Nbd2 Qxb5 26. Nc4 Bxf3 27. Qxf3 Nd6 28. Rc1 Nxc4 29. Rxc4 Nc5 30. Bc1 e4 31. Qf5 exd3 32. Rxd4 Re8 33. Bd5 Qd7 34. Qxd7 Nxd7 35. Be3 Bc5 36. Rxd3 Ne5 37. Rb3 Bxe3 38. Rxe3 Kf8 39. Kg2 f6 40. Ra3 Ke7 41. Ra7+ Kd6 42. Be4 Re7 43. Rxe7 Kxe7 44. Bxh7 g6 45. Bg8 Nf7 46. Bh7 Ne5 47. Bg8 1/2-1/2

[Event "SVK-ch rapid"]
[Site "Topolcany"]
[Date "2020.07.11"]
[Round "7"]
[White "Tropp, Oliver"]
[Black "Sahidi, Samir"]
[Result "0-1"]
[WhiteElo "2123"]
[BlackElo "2380"]
[PlyCount "66"]
[EventDate "2020.07.11"]
[EventType "swiss (rapid)"]
[EventRounds "9"]
[EventCountry "SVK"]
[SourceTitle "CBM 197 Extra"]
[Source "ChessBase"]
[SourceDate "2020.09.30"]
[SourceVersion "1"]
[SourceVersionDate "2020.09.30"]
[SourceQuality "1"]

1. c4 Nf6 2. g3 e6 3. Bg2 d5 4. Nf3 Be7 5. 0-0 0-0 6. d4 c6 7. Qc2 dxc4 8. Qxc4 b5 9. Qc2 Bb7 10. Nc3 a6 11. Rd1 Nbd7 12. e4 Rc8 13. Bf4 Qb6 14. Ne5 Rfd8 15. a4 Nxe5 16. dxe5 Nd7 17. Be3 Bc5 18. a5 Qa7 19. Bxc5 Qxc5 20. Qd2 Qxe5 21. Ne2 c5 22. f4 Qc7 23. Qe3 c4 24. Nc3 Nc5 25. f5 exf5 26. Nd5 Bxd5 27. exd5 Re8 28. Qf3 Nd3 29. b3 Qc5+ 30. Kf1 g6 31. bxc4 bxc4 32. d6 Re3 33. Qd5 Re1+ 0-1

[Event "Tatry op"]
[Site "Tatranske Zruby"]
[Date "2019.09.29"]
[Round "2"]
[White "Tropp, Oliver"]
[Black "Chubar, Vladimir"]
[Result "0-1"]
[WhiteElo "2157"]
[BlackElo "1951"]
[PlyCount "82"]
[EventDate "2019.09.28"]
[EventType "swiss"]
[EventRounds "9"]
[EventCountry "SVK"]
[SourceTitle "EXT 2020"]
[Source "ChessBase"]
[SourceDate "2019.10.17"]
[SourceVersion "1"]
[SourceVersionDate "2019.10.17"]
[SourceQuality "1"]

1. e4 e6 2. d4 b6 3. Nf3 Bb7 4. Bd3 Nf6 5. Qe2 d5 6. e5 Nfd7 7. c3 c5 8. Ng5 g6 9. Qg4 Qe7 10. Nxh7 Rxh7 11. Bg5 Nxe5 12. dxe5 Qc7 13. Bf6 Nc6 14. f4 Be7 15. Bxe7 Qxe7 16. Nd2 0-0-0 17. 0-0-0 c4 18. Bc2 b5 19. Nf3 d4 20. cxd4 Nb4 21. Ng5 Nxc2 22. Nxh7 Ne3 23. Qe2 Nxd1 24. Rxd1 Qh4 25. Nf6 Qxf4+ 26. Qd2 Rxd4 27. Qxf4 Rxf4 28. g3 Rf2 29. Rd2 Rf5 30. Re2 Kc7 31. Kd2 Rf3 32. Ne8+ Kb6 33. Re3 Rf1 34. a4 b4 35. Nd6 Bd5 36. Re2 Rf3 37. Nc8+ Ka5 38. Nxa7 Kxa4 39. Kc2 c3 40. bxc3 Rxc3+ 41. Kb2 Rc7 0-1

[Event "SVK-chT 1819"]
[Site "Slovakia"]
[Date "2019.02.17"]
[Round "6.4"]
[White "Tropp, Oliver"]
[Black "Bagi, Mate"]
[Result "0-1"]
[WhiteElo "2209"]
[BlackElo "2444"]
[PlyCount "94"]
[EventDate "2018.11.10"]
[EventType "team-tourn"]
[EventRounds "11"]
[EventCountry "SVK"]
[SourceTitle "CBM 188 Extra"]
[Source "ChessBase"]
[SourceDate "2019.02.26"]
[SourceVersion "1"]
[SourceVersionDate "2019.02.26"]
[SourceQuality "1"]
[WhiteTeam "Liptov Chess School"]
[BlackTeam "Dunajska Streda"]
[WhiteTeamCountry "SVK"]
[BlackTeamCountry "SVK"]

1. e4 e5 2. d3 Nc6 3. Nc3 Nf6 4. g3 d5 5. exd5 Nxd5 6. Bg2 Nxc3 7. bxc3 Bc5 8. Rb1 0-0 9. Ne2 f5 10. 0-0 f4 11. d4 f3 12. dxc5 fxg2 13. Kxg2 Qe7 14. Be3 Be6 15. h4 Rad8 16. Qc1 Qf7 17. Ng1 Bxa2 18. Rxb7 Bd5+ 19. Kh2 Rd7 20. Rd1 a5 21. Rb1 Qf5 22. Rd2 Qe4 23. Rxd5 Qxd5 24. Nh3 a4 25. Ra1 Ra8 26. Qb2 h6 27. Qb7 Ne7 28. Qb5 Qc6 29. Qc4+ Kh8 30. Qg4 a3 31. Qh5 Qf6 32. Rxa3 Rf8 33. c6 Qxc6 34. Qxe5 Nf5 35. Qc5 Qf6 36. Bf4 Re8 37. Ra5 Nd6 38. Qh5 Qf7 39. Qg4 Ne4 40. Rf5 Nf6 41. Qf3 Qg6 42. Ra5 Kh7 43. Rc5 Ree7 44. Kg2 Qxc2 45. Be5 Rf7 46. Nf4 Ne4 47. Rc6 Nxf2 0-1

[Event "SVK-chT 1819"]
[Site "Slovakia"]
[Date "2018.12.09"]
[Round "4.6"]
[White "Tropp, Oliver"]
[Black "Kantorik, Marian"]
[Result "1/2-1/2"]
[WhiteElo "2209"]
[BlackElo "2209"]
[PlyCount "109"]
[EventDate "2018.11.10"]
[EventType "team-tourn"]
[EventRounds "11"]
[EventCountry "SVK"]
[SourceTitle "CBM 187 Extra"]
[Source "ChessBase"]
[SourceDate "2018.11.04"]
[SourceVersion "1"]
[SourceVersionDate "2018.11.04"]
[SourceQuality "1"]
[WhiteTeam "Liptov Chess School"]
[BlackTeam "Dunajov Inbest"]
[WhiteTeamCountry "SVK"]
[BlackTeamCountry "SVK"]

1. c4 e6 2. e4 c5 3. Nc3 Nc6 4. Nge2 Nf6 5. f4 d5 6. e5 d4 7. exf6 dxc3 8. dxc3 Qxd1+ 9. Kxd1 gxf6 10. Ng3 b6 11. Nh5 f5 12. Be2 Bb7 13. Rg1 0-0-0+ 14. Kc2 Na5 15. b3 Be4+ 16. Kb2 Be7 17. Be3 Rd7 18. Bf3 Bxf3 19. gxf3 Rd3 20. Rae1 Bh4 21. Re2 Rxe3 22. Rxe3 Bf2 23. Ree1 Bxe1 24. Rxe1 Rg8 25. Re2 Rg1 26. Rf2 Nc6 27. Kc2 Kd8 28. Kd3 Ke7 29. Ke3 h6 30. Rd2 a5 31. Rb2 f6 32. Ng3 Re1+ 33. Kd2 Rg1 34. Ke3 Re1+ 35. Kd2 Ra1 36. a4 Rg1 37. Ke3 Ra1 38. Ke2 Kd6 39. Kd3 Nd8 40. Nh5 Rd1+ 41. Ke3 Re1+ 42. Kd2 Rh1 43. Ke3 Ke7 44. Ng3 Ra1 45. Kd3 Nb7 46. Rg2 Nd6 47. Nh5 Rd1+ 48. Ke3 Rb1 49. Rg7+ Nf7 50. Rg6 Rxb3 51. Kd3 Rb2 52. Nxf6 Rxh2 53. Ng8+ Kf8 54. Nf6 Ke7 55. Ng8+ 1/2-1/2

[Event "SVK-chT2C 1819"]
[Site "Slovakia"]
[Date "2018.11.17"]
[Round "3.1"]
[White "Tropp, Oliver"]
[Black "Pniaczek, Marek"]
[Result "1/2-1/2"]
[WhiteElo "2209"]
[BlackElo "2154"]
[PlyCount "93"]
[EventDate "2018.10.13"]
[EventType "team-tourn"]
[EventRounds "11"]
[EventCountry "SVK"]
[SourceTitle "CBM 187 Extra"]
[Source "ChessBase"]
[SourceDate "2018.11.04"]
[SourceVersion "1"]
[SourceVersionDate "2018.11.04"]
[SourceQuality "1"]
[WhiteTeam "Liptov Chess School III"]
[BlackTeam "Bziny"]
[WhiteTeamCountry "SVK"]
[BlackTeamCountry "SVK"]

1. c4 Nf6 2. Nc3 g6 3. g3 Bg7 4. Bg2 0-0 5. Nf3 d6 6. d4 Nc6 7. 0-0 Bf5 8. d5 Na5 9. Nd2 c5 10. h3 a6 11. e4 Bd7 12. Rb1 b5 13. b3 Qc8 14. h4 Ng4 15. Bb2 Rb8 16. Qc2 f5 17. Ne2 Bxb2 18. Rxb2 fxe4 19. Bxe4 Rf7 20. Nf4 Qf8 21. Qc3 Rxf4 22. gxf4 Qxf4 23. Qg3 Qxg3+ 24. fxg3 bxc4 25. Rc1 Ne5 26. Rc3 cxb3 27. axb3 Nb7 28. Nc4 Ng4 29. Bf3 Nf6 30. Re3 Kf8 31. Rf2 h5 32. Nb6 Bb5 33. Ra2 Nd8 34. Nc4 Nf7 35. Be4 Kg7 36. Bg2 Bxc4 37. bxc4 Ne5 38. Rxa6 Rb1+ 39. Bf1 Nfg4 40. Rc3 Rb2 41. Ra1 Rf2 42. Bg2 Re2 43. Bf3 Nxf3+ 44. Rxf3 Ne5 45. Rf4 Nd3 46. Rf3 Ne5 47. Rf4 1/2-1/2

[Event "SVK-chT 1718"]
[Site "Slovakia"]
[Date "2018.03.03"]
[Round "10.6"]
[White "Tropp, Oliver"]
[Black "Jozefek, Michal"]
[Result "1/2-1/2"]
[WhiteElo "2222"]
[BlackElo "2198"]
[PlyCount "126"]
[EventDate "2017.09.30"]
[EventType "team-tourn"]
[EventRounds "11"]
[EventCountry "SVK"]
[SourceTitle "EXT 2019"]
[Source "ChessBase"]
[SourceDate "2018.10.10"]
[SourceVersion "1"]
[SourceVersionDate "2018.10.10"]
[SourceQuality "1"]
[WhiteTeam "Liptov Chess School"]
[BlackTeam "Osuske"]
[WhiteTeamCountry "SVK"]
[BlackTeamCountry "SVK"]

1. Nf3 d5 2. c4 c6 3. b3 Bf5 4. Bb2 e6 5. g3 h6 6. Bg2 Nf6 7. 0-0 Be7 8. d3 0-0 9. Nbd2 a5 10. Ne5 Na6 11. Rc1 Bh7 12. Ndf3 Qb6 13. g4 a4 14. Bd4 Bc5 15. Bxc5 Nxc5 16. cxd5 cxd5 17. g5 hxg5 18. Nxg5 axb3 19. d4 Nce4 20. Nxh7 Kxh7 21. axb3 Ra3 22. Bxe4+ dxe4 23. Nc4 Qxb3 24. Nxa3 Qxa3 25. e3 Nd5 26. Qh5+ Kg8 27. Rb1 Qe7 28. Qe5 f5 29. Kh1 b6 30. Rg1 Rf6 31. Rg5 Rf7 32. Rbg1 Nf6 33. Rg6 Kh7 34. R1g5 Qd7 35. Qg3 Qc7 36. Qh4+ Kg8 37. Rh6 Kf8 38. Rh8+ Ke7 39. Rg1 Kd7 40. Ra8 Ng4 41. Rga1 g5 42. Qh8 Kd6 43. Rd8+ Rd7 44. Rc8 Rh7 45. Qf8+ Qe7 46. Rd8+ Kc6 47. Rc8+ Kd6 48. Rd8+ Kc6 49. d5+ Kb5 50. Rb1+ Kc4 51. Rc1+ Kd3 52. dxe6+ Ke2 53. Rc2+ Ke1 54. Rc1+ Ke2 55. Qxf5 Rxh2+ 56. Kg1 Rh4 57. Rc2+ Ke1 58. Ra8 Qg7 59. Qxe4 Nxf2 60. Qg2 Nh3+ 61. Qxh3 Rxh3 62. Raa2 Kd1 63. Rcb2 Qxb2 1/2-1/2

[Event "SVK-chT1E 1718"]
[Site "Slovakia"]
[Date "2018.02.03"]
[Round "7.1"]
[White "Zambor, Norbert"]
[Black "Tropp, Oliver"]
[Result "1/2-1/2"]
[WhiteElo "2284"]
[BlackElo "2198"]
[PlyCount "98"]
[EventDate "2017.10.21"]
[EventType "team-tourn"]
[EventRounds "11"]
[EventCountry "SVK"]
[SourceTitle "EXT 2019"]
[Source "ChessBase"]
[SourceDate "2018.10.10"]
[SourceVersion "1"]
[SourceVersionDate "2018.10.10"]
[SourceQuality "1"]
[WhiteTeam "Margecany OSK"]
[BlackTeam "Kezmarok"]
[WhiteTeamCountry "SVK"]
[BlackTeamCountry "SVK"]

1. e4 e6 2. d4 d5 3. Nd2 Nf6 4. e5 Nfd7 5. f4 c5 6. Ngf3 Nc6 7. Nb3 c4 8. Nbd2 b5 9. Be2 Be7 10. Nf1 Nb6 11. Ne3 h5 12. 0-0 Bd7 13. Bd2 a5 14. Be1 g6 15. c3 a4 16. a3 Qc7 17. Bh4 0-0-0 18. Bxe7 Nxe7 19. Qe1 Rdf8 20. Bd1 Qd8 21. Bc2 Kb7 22. Qh4 Nbc8 23. Rae1 Ng8 24. Qxd8 Rxd8 25. g3 Nh6 26. Kg2 Nf5 27. h3 Rdg8 28. g4 hxg4 29. hxg4 Nh4+ 30. Nxh4 Rxh4 31. Rh1 Rgh8 32. Rxh4 Rxh4 33. Kg3 Rh8 34. f5 gxf5 35. gxf5 Kc7 36. f6 Kd8 37. Ng4 Ke8 38. Nh2 Kf8 39. Nf3 Na7 40. Kf4 Nc6 41. Rg1 Rg8 42. Rh1 Nd8 43. Ng5 Bc6 44. Rh7 Ke8 45. Bd1 Kf8 46. Bh5 Be8 47. Bg4 Bd7 48. Bf3 Bc6 49. Bd1 Bd7 1/2-1/2